000
00320nam a22001337a 4500
008
210308b ||||| |||| 00| 0 eng d
041
_a
eng
080
_a
004
082
_a
004
100
_a
35
101
_a
SHKI
245
_a
Introduction to Computer Science:Cobol Language Programming
_c
Walker,M.T
942
_2
udc
_c
BK
999
_c
55947
_d
55947